| 000 | 00998cam a2200277 a 4500 | ||
|---|---|---|---|
| 001 | 000006937 | ||
| 003 | DO-SdBNP | ||
| 005 | 20251030132127.0 | ||
| 008 | 990517s1998 ve b 001 0dspa d | ||
| 020 | _a9802229121 | ||
| 035 | _a(OCoLC)ocm41377878 | ||
| 040 |
_aDO-SdBNP _bspa _cBNPHU |
||
| 082 | 4 | _a923.2 | |
| 100 | 1 |
_aQuintero Montiel, Inés Mercedes. _919244 |
|
| 245 | 1 | 0 |
_aAntonio José de Sucre : _bbiografía política / _cInés Quintero. |
| 260 |
_aCaracas : _bAcademia Nacional de la Historia, _c1998. |
||
| 300 |
_a286 p. ; _c23 cm. |
||
| 490 | 1 |
_aFuentes para la historia Republicana de Venezuela ; _vno. 73 |
|
| 500 | _aIncluye referencias a pie de páginas | ||
| 500 | _aIncluye índice geográfico (p. 269-281). | ||
| 504 | _aIncluye bibliografía (p. [257] -267). | ||
| 600 | 1 | 0 |
_aSucre, Antonio José de, _d1795-1830. _919245 |
| 830 | 0 |
_aFuentes para la historia republicana de Venezuela ; _nno. 73 _919247 |
|
| 910 | _aCatalogación por copia / LC | ||
| 942 |
_2ddc _cLBS1 |
||
| 999 |
_c6721 _d6721 |
||